| 000 | 01720nam a2200505 i 4500 | ||
|---|---|---|---|
| 001 | 52456 | ||
| 003 | KOSZ 005 | ||
| 005 | 20221201083450.0 | ||
| 008 | 020122s2002 pl a r po|000 0 | ||
| 015 | _aUWD 2002/1635 | ||
| 020 | _a8320813751 | ||
| 035 | _a991017547409705066 | ||
| 035 | _a(PL-WaBN)b14745586-48omnis_nlop | ||
| 035 | _ab14745586 | ||
| 035 | _a(OCoLC)749310498 | ||
| 035 | _azz2002921542 | ||
| 035 | _a(PL)b0000001474558 | ||
| 035 | _a(EXLNZ-48OMNIS_NETWORK)9910252546505606 | ||
| 040 |
_aWA N _cWA N _dKOSZ 005/HR |
||
| 041 | 1 |
_apol _hfre |
|
| 046 | _k2002 | ||
| 080 | _a005 | ||
| 080 | _a(075.8) | ||
| 100 | 1 |
_aBrilman, Jean _eAutor |
|
| 245 | 1 | 0 |
_aNowoczesne koncepcje i metody zarządzania / _cJean Brilman ; tł. Krystyna Bolesta-Kukułka. |
| 246 | 1 |
_iTyt. oryg.: _aMeilleures pratiques de management |
|
| 260 |
_aWarszawa : _bPolskie Wydawnictwo Ekonomiczne, _c2002. |
||
| 300 |
_a478, [2] s. : _bil. ; _c24 cm. |
||
| 336 |
_aTekst _btxt _2rdacontent |
||
| 337 |
_aBez urządzenia pośredniczącego _bn _2rdamedia |
||
| 338 |
_aWolumin _bnc _2rdacarrier |
||
| 380 | _aKsiążki | ||
| 388 | _a2001- | ||
| 500 | _aTyt. oryg.: Les meilleures pratiques de management, 2000. | ||
| 504 | _aBibliogr. | ||
| 521 | 8 | _aPodręcznik akademicki. | |
| 650 | 7 |
_aZarządzanie _2DBN |
|
| 655 | 7 |
_aPodręczniki akademickie _2DBN |
|
| 658 | _aZarządzanie i marketing | ||
| 700 | 1 |
_aBolesta-Kukułka, Krystyna _d(1941-2004) _eTłumaczenie |
|
| 710 | 2 |
_aPolskie Wydawnictwo Ekonomiczne _4pbl |
|
| 856 |
_uhttp://koha.tu.koszalin.pl/cgi-bin/koha/opac-detail.pl?biblionumber=52456 _yKatalog online BPK |
||
| 942 |
_2UKD _cKS |
||
| 999 |
_c52456 _d52456 |
||